[Event "87th ch-FRA 2012"]
[Site "Pau FRA"]
[Date "2012.08.15"]
[Round "3"]
[White "Vaisser, A."]
[Black "Maze, S."]
[Result "1/2-1/2"]
[WhiteElo "2556"]
[BlackElo "2573"]
[PlyCount "48"]
[EventDate "2012.08.13"]
[SourceDate "1999.07.01"]

1. d4 Nf6 2. c4 e6 3. Nc3 Bb4 4. e3 b6 5. Nge2 Bb7 6. a3 Bd6 7. b4 O-O 8. Ng3
a5 9. Rb1 Re8 10. c5 axb4 11. axb4 Bf8 12. Bd3 e5 13. O-O d6 14. cxb6 exd4 15.
Nb5 cxb6 16. Nxd4 Nbd7 17. Bb2 d5 18. Bb5 Ba6 19. Bxd7 Qxd7 20. b5 Bb7 21. Ndf5
Re6 22. Nd4 Ree8 23. Ndf5 Re6 24. Nd4 Ree8 1/2-1/2

[Event "87th ch-FRA 2012"]
[Site "Pau FRA"]
[Date "2012.08.13"]
[Round "1"]
[White "Vaisser, A."]
[Black "Bauer, Ch"]
[Result "0-1"]
[WhiteElo "2556"]
[BlackElo "2682"]
[PlyCount "144"]
[EventDate "2012.08.13"]
[SourceDate "1999.07.01"]

1. d4 Nf6 2. c4 e6 3. Nc3 Bb4 4. e3 b6 5. Nge2 Ba6 6. a3 Be7 7. Nf4 d5 8. cxd5
Bxf1 9. dxe6 Ba6 10. exf7+ Kxf7 11. e4 Bc4 12. b3 Ba6 13. e5 Nc6 14. Be3 Re8
15. exf6 Bxf6 16. Qh5+ Kg8 17. O-O-O Nxd4 18. Qd5+ Qxd5 19. Ncxd5 Nxb3+ 20. Kc2
Na5 21. Nxf6+ gxf6 22. Rd7 Bb5 23. Rxc7 Rac8 24. Nd5 Ba4+ 25. Kb1 Rxc7 26. Nxc7
Re5 27. Rc1 Kf7 28. Rc3 Rh5 29. Bf4 Rh4 30. Nd5 Bc6 31. Bg3 Rc4 32. Rd3 Rc5 33.
Nc3 Bxg2 34. Rd7+ Ke8 35. Rc7 Rxc7 36. Bxc7 Kd7 37. Bg3 Kc6 38. Bh4 Nc4 39. a4
f5 40. Kc2 Be4+ 41. Kd1 a6 42. Ke2 Bc2 43. Bf6 a5 44. Kf3 Nb2 45. Kf4 Nd3+ 46.
Ke3 Nc5 47. Be7 Ne6 48. f4 Bb3 49. h4 Kd7 50. Ba3 h5 51. Ne2 Bxa4 52. Ng3 Bd1
53. Nxf5 b5 54. Nd4 b4 55. Bb2 Nc7 56. Kd2 Ba4 57. f5 Ne8 58. Kd3 Nd6 59. f6
Bd1 60. Kd2 Bg4 61. f7 Nc4+ 62. Kc2 Ke7 63. Kb3 Nxb2 64. Kxb2 Kxf7 65. Nc6 Be6
66. Nxa5 Bd5 67. Nb3 Ke6 68. Nd4+ Ke5 69. Nc2 b3 70. Ne3 Be6 71. Nf1 Kf4 72.
Kc3 Kg4 0-1

[Event "45th Biel Masters Open"]
[Site "Biel SUI"]
[Date "2012.08.02"]
[Round "10"]
[White "Melkumyan, H."]
[Black "Meier, Geo"]
[Result "1/2-1/2"]
[WhiteElo "2639"]
[BlackElo "2644"]
[PlyCount "67"]
[EventDate "2012.07.23"]
[SourceDate "1999.07.01"]

1. d4 e6 2. c4 Nf6 3. Nc3 Bb4 4. e3 O-O 5. Bd3 c5 6. Nf3 d5 7. O-O cxd4 8. exd4
dxc4 9. Bxc4 b6 10. Qe2 Bb7 11. Rd1 Bxc3 12. bxc3 Qc7 13. Bd3 Qxc3 14. Bb2 Qc7
15. Rac1 Qd6 16. d5 Bxd5 17. Ne5 Rd8 18. g4 h6 19. f4 Nbd7 20. g5 hxg5 21. fxg5
Ne8 22. Bh7+ Kf8 23. Rf1 Nxe5 24. Bxe5 Qa3 25. Bg6 Rd7 26. Rc3 Qxa2 27. Qg4 Kg8
28. Rh3 Rc8 29. Bxf7+ Rxf7 30. Rh8+ Kxh8 31. Qh5+ Kg8 32. Qxf7+ Kh8 33. Qh5+
Kg8 34. Qf7+ 1/2-1/2

[Event "45th Biel Masters Open"]
[Site "Biel SUI"]
[Date "2012.08.02"]
[Round "10"]
[White "Avrukh, B."]
[Black "Harikrishna, P."]
[Result "0-1"]
[WhiteElo "2605"]
[BlackElo "2684"]
[PlyCount "110"]
[EventDate "2012.07.23"]
[SourceDate "1999.07.01"]

1. d4 Nf6 2. c4 e6 3. Nc3 Bb4 4. e3 O-O 5. Nge2 d5 6. a3 Be7 7. cxd5 exd5 8. b4
c6 9. Ng3 Re8 10. Bd3 Nbd7 11. O-O Bd6 12. Qc2 Nf8 13. b5 Bd7 14. bxc6 bxc6 15.
Na4 Ng4 16. Bf5 Bxf5 17. Qxf5 Qh4 18. h3 Nh6 19. Qf3 Ne6 20. Nf5 Nxf5 21. Qxf5
g6 22. Qg4 Qe7 23. Ra2 h5 24. Qd1 Qh4 25. Rc2 Rac8 26. Qd3 Ng5 27. f4 Ne4 28.
Qa6 Ng3 29. Rf3 Nf5 30. Rxc6 Rcd8 31. Qd3 Rc8 32. Rxc8 Rxc8 33. Bd2 Qe7 34. Nc3
Qe6 35. Qb5 Ne7 36. Qa5 Rb8 37. Qxa7 Rb2 38. Be1 Bxf4 39. Bf2 Bd6 40. Qa4 Nf5
41. g3 Qc8 42. Qa5 Rb3 43. Nxd5 Nxd4 44. Rf6 Ne6 45. Be1 Rxa3 46. Qb5 Bc5 47.
Qb2 Rd3 48. Qg2 Qd8 49. Rxe6 fxe6 50. Nf4 Bxe3+ 51. Kh2 Bxf4 52. gxf4 Kf7 53.
Qb7+ Qd7 54. Qb8 e5 55. Kg1 Qd4+ 0-1

[Event "81st ch-UKR 2012"]
[Site "Kiev UKR"]
[Date "2012.08.03"]
[Round "7.1"]
[White "Korobov, A."]
[Black "Fedorchuk, S."]
[Result "1/2-1/2"]
[WhiteElo "2678"]
[BlackElo "2634"]
[PlyCount "48"]
[EventDate "2012.07.27"]
[SourceDate "1999.07.01"]

1. d4 Nf6 2. c4 e6 3. Nc3 Bb4 4. e3 O-O 5. Bd3 c5 6. Nf3 b6 7. O-O Bb7 8. Na4
cxd4 9. exd4 Re8 10. a3 Bf8 11. b4 d6 12. Re1 Nbd7 13. Bb2 a5 14. Nc3 axb4 15.
axb4 Rxa1 16. Bxa1 e5 17. Bf1 Bxf3 18. Qxf3 exd4 19. Ne4 d5 20. Nxf6+ Nxf6 21.
Rxe8 Nxe8 22. cxd5 Bxb4 23. Bxd4 Bc5 24. Bb2 Nf6 1/2-1/2

[Event "81st ch-UKR 2012"]
[Site "Kiev UKR"]
[Date "2012.08.03"]
[Round "7.6"]
[White "Kuzubov, Y."]
[Black "Efimenko, Z."]
[Result "0-1"]
[WhiteElo "2623"]
[BlackElo "2689"]
[PlyCount "98"]
[EventDate "2012.07.27"]
[SourceDate "1999.07.01"]

1. d4 Nf6 2. c4 e6 3. Nc3 Bb4 4. e3 O-O 5. Nge2 d5 6. a3 Be7 7. cxd5 exd5 8. g3
Nbd7 9. Bg2 Nb6 10. Qc2 a5 11. O-O Re8 12. Bd2 a4 13. Rae1 Bd7 14. Nf4 c6 15.
e4 dxe4 16. Nxe4 Nxe4 17. Bxe4 g6 18. h4 Bd6 19. Kh2 Qf6 20. Qd3 Bg4 21. Bg2
Bc7 22. Rxe8+ Rxe8 23. Rc1 Qf5 24. Qxf5 Bxf5 25. Bf3 h5 26. Be3 Be4 27. Kg2
Bxf4 28. Bxf4 Bxf3+ 29. Kxf3 Nd5 30. Bd2 f6 31. Rc4 Ra8 32. Ke4 Kf7 33. Kd3 Ke6
34. f3 Ra6 35. Bc1 Kf5 36. Ke2 g5 37. Kf2 g4 38. fxg4+ Kxg4 39. Rc2 Rb6 40. Re2
Rb3 41. Re4+ Kh3 42. g4 hxg4 43. h5 f5 44. Re1 Kh2 45. h6 Rf3+ 46. Ke2 Rh3 47.
Kf1 f4 48. Re2+ Kg3 49. Rg2+ Kf3 0-1

[Event "2nd Polugaevsky Mem"]
[Site "Samara RUS"]
[Date "2012.07.11"]
[Round "7.2"]
[White "Timofeev, Arty"]
[Black "Smirnov, P."]
[Result "1/2-1/2"]
[WhiteElo "2641"]
[BlackElo "2592"]
[PlyCount "72"]
[EventDate "2012.07.05"]
[SourceDate "1999.07.01"]

1. d4 Nf6 2. c4 e6 3. Nc3 Bb4 4. e3 O-O 5. Bd3 d5 6. Nf3 c5 7. O-O cxd4 8. exd4
dxc4 9. Bxc4 b6 10. Qe2 Bb7 11. Rd1 Bxc3 12. bxc3 Qc7 13. Bd3 Qxc3 14. Bb2 Qb4
15. d5 Nbd7 16. Ne5 Bxd5 17. Nxd7 Nxd7 18. Bxh7+ Kxh7 19. Qh5+ Kg8 20. Bxg7
Kxg7 21. Qg5+ Kh8 22. Rd3 Qe4 23. Rh3+ Qh7 24. Rxh7+ Kxh7 25. Rd1 Rg8 26. Qh5+
Kg7 27. Rxd5 exd5 28. Qg4+ Kf6 29. Qxd7 Rgd8 30. Qg4 d4 31. Qf4+ Ke7 32. Qe5+
Kf8 33. Qh8+ Ke7 34. Qe5+ Kf8 35. Qh8+ Ke7 36. Qe5+ Kf8 1/2-1/2

[Event "2nd Polugaevsky Mem"]
[Site "Samara RUS"]
[Date "2012.07.13"]
[Round "9.3"]
[White "Timofeev, Arty"]
[Black "Ovetchkin, R."]
[Result "1/2-1/2"]
[WhiteElo "2641"]
[BlackElo "2501"]
[PlyCount "70"]
[EventDate "2012.07.05"]
[SourceDate "1999.07.01"]

1. d4 Nf6 2. c4 e6 3. Nc3 Bb4 4. e3 O-O 5. Bd3 d5 6. Nf3 c5 7. O-O cxd4 8. exd4
dxc4 9. Bxc4 b6 10. Qe2 Bb7 11. Rd1 Bxc3 12. bxc3 Qc7 13. Bd3 Qxc3 14. Bb2 Qb4
15. d5 Nbd7 16. a3 Qg4 17. h3 Qh5 18. dxe6 Bxf3 19. exf7+ Kh8 20. Qxf3 Qxf3 21.
gxf3 Rxf7 22. Rac1 Nc5 23. Bc4 Re7 24. Rd4 h6 25. Kh2 Rf8 26. Rd6 Kh7 27. Rg1
Ne8 28. Rd8 Rxf3 29. Rxe8 Rxf2+ 30. Kh1 Rxe8 31. Rxg7+ Kh8 32. Rg8+ Kh7 33.
Rg7+ Kh8 34. Rg8+ Kh7 35. Rg7+ Kh8 1/2-1/2

[Event "CECLUB 1st Div GpA 2012"]
[Site "Don Benito ESP"]
[Date "2012.07.30"]
[Round "1"]
[White "Illescas Cordoba, M."]
[Black "Andres Gonzalez, A."]
[Result "1-0"]
[WhiteElo "2601"]
[BlackElo "2535"]
[PlyCount "115"]
[EventDate "2012.07.30"]
[SourceDate "1999.07.01"]
[WhiteTeam "C.A. CAJACANARIAS"]
[BlackTeam "C. A. UNIVERSIDAD DE OVIEDO"]

1. d4 Nf6 2. c4 e6 3. Nc3 Bb4 4. e3 c5 5. Bd3 O-O 6. Nge2 d5 7. cxd5 cxd4 8.
exd4 Nxd5 9. O-O Nc6 10. Nxd5 Qxd5 11. Qc2 h6 12. Rd1 Bd6 13. a3 Bd7 14. Bh7+
Kh8 15. Be4 Qa5 16. d5 exd5 17. Bxh6 Be6 18. Be3 Bxh2+ 19. Kxh2 dxe4 20. Qxe4
Qe5+ 21. Qxe5 Nxe5 22. Kg3 Nc4 23. Bd4 Rfd8 24. Nf4 Bf5 25. Nh5 Kg8 26. Rac1 b5
27. a4 a6 28. axb5 axb5 29. Nxg7 Bg6 30. Bf6 Rdc8 31. Rh1 Rc6 32. Bd4 f6 33.
Nh5 Rd8 34. Bc3 Kf7 35. Nf4 Rg8 36. f3 b4 37. Bxb4 Bc2+ 38. Kf2 Nxb2 39. Ba3
Rb8 40. Rhe1 Rc4 41. Re7+ Kg8 42. Nd5 Nd3+ 43. Kg3 Nxc1 44. Nxf6+ Kh8 45. Bxc1
Rb6 46. Bg5 Rcc6 47. Ng4 Rg6 48. Kh4 Rg7 49. Bf6 Rxf6 50. Re8+ Kh7 51. Nxf6+
Kg6 52. Rf8 Bd3 53. g4 Ra7 54. Nh5 Bc4 55. f4 Bf7 56. Rh8 Be6 57. f5+ Bxf5 58.
Rg8+ 1-0

[Event "CECLUB Div1 Final Desemp S/F 2012"]
[Site "Don Benito ESP"]
[Date "2012.08.04"]
[Round "1.1"]
[White "Rakhmanov, Ale"]
[Black "Anton Guijarro, D."]
[Result "1-0"]
[WhiteElo "2588"]
[BlackElo "2526"]
[PlyCount "93"]
[EventDate "2012.07.30"]
[SourceDate "1999.07.01"]
[WhiteTeam "C. E. ESCOLA D'ESCACS DE BARCELONA"]
[BlackTeam "C.A. VIRGEN DE ATOCHA"]

1. d4 e6 2. c4 Nf6 3. Nc3 Bb4 4. e3 O-O 5. Bd3 d5 6. Nge2 b6 7. cxd5 exd5 8. a3
Be7 9. b4 Bb7 10. O-O Nbd7 11. Qb3 Rb8 12. b5 Bd6 13. Nf4 Bxf4 14. exf4 Re8 15.
f3 c5 16. bxc6 Bxc6 17. f5 Qc7 18. a4 Rbc8 19. Bd2 h6 20. Nb5 Qb8 21. Qa3 Bxb5
22. axb5 Nh5 23. Rfe1 Nf4 24. Bf1 Nf6 25. Qxa7 Rxe1 26. Bxe1 Qd6 27. Qb7 Re8
28. Ra7 Rf8 29. Qc7 Qxc7 30. Rxc7 Re8 31. Kf2 Ra8 32. Bd2 Ra2 33. Ke1 Ra1+ 34.
Rc1 Rxc1+ 35. Bxc1 g5 36. fxg6 Ne6 37. gxf7+ Kxf7 38. Bxh6 Nxd4 39. Be3 Nc2+
40. Kd2 Nxe3 41. Kxe3 Ke6 42. g4 Ke5 43. f4+ Kd6 44. g5 Ne4 45. h4 Kc5 46. h5
Ng3 47. h6 1-0

[Event "99th ch-GBR 2012"]
[Site "North Shields ENG"]
[Date "2012.07.26"]
[Round "4.1"]
[White "Jones, G."]
[Black "Gordon, S."]
[Result "1-0"]
[WhiteElo "2655"]
[BlackElo "2539"]
[PlyCount "73"]
[EventDate "2012.07.23"]
[SourceDate "1999.07.01"]

1. d4 Nf6 2. c4 e6 3. Nc3 Bb4 4. e3 c5 5. Nge2 cxd4 6. exd4 O-O 7. a3 Be7 8.
Nf4 d6 9. Be3 e5 10. dxe5 dxe5 11. Nfd5 Nxd5 12. cxd5 Bg5 13. Bc5 Re8 14. Ne4
b6 15. Nxg5 Qxg5 16. Be3 Qg6 17. Qa4 Rd8 18. g3 Bb7 19. Rd1 Nd7 20. Bd3 Qh5 21.
Be2 Qh3 22. Bf1 Qf5 23. Bd3 Qh3 24. Bf1 Qf5 25. Bd3 Qf3 26. Be4 Qh5 27. h4 Nf6
28. Bg5 b5 29. Qxb5 Nxe4 30. Bxd8 Rxd8 31. Qxb7 Qf3 32. Rh2 Nxg3 33. fxg3 Qxg3+
34. Rf2 Qg1+ 35. Ke2 Qg4+ 36. Ke3 f5 37. Qb3 1-0

[Event "30th Andorra Open"]
[Site "Erts-La Massana AND"]
[Date "2012.07.27"]
[Round "7.3"]
[White "Arizmendi Martinez, J."]
[Black "Iturrizaga, E."]
[Result "1-0"]
[WhiteElo "2559"]
[BlackElo "2628"]
[PlyCount "87"]
[EventDate "2012.07.21"]
[SourceDate "1999.07.01"]

1. d4 Nf6 2. c4 e6 3. Nc3 Bb4 4. e3 b6 5. Nge2 Bb7 6. a3 Bd6 7. Qc2 c5 8. d5
exd5 9. cxd5 Qe7 10. Ng3 g6 11. Bc4 O-O 12. e4 a6 13. a4 b5 14. axb5 axb5 15.
Rxa8 Bxa8 16. Nxb5 Bxg3 17. hxg3 Bxd5 18. Bxd5 Nxd5 19. O-O Nb4 20. Qc4 N8c6
21. Bf4 Ne5 22. Qc3 Nbd3 23. Nc7 Nxf4 24. gxf4 Ng4 25. f3 Nf6 26. Qe5 Qd8 27.
Qxc5 Qb8 28. Qd4 Qxc7 29. Qxf6 d5 30. exd5 Qc5+ 31. Kh2 Qxd5 32. Re1 Rb8 33. b4
Qh5+ 34. Kg3 h6 35. Rd1 g5 36. fxg5 Qxg5+ 37. Qxg5+ hxg5 38. Rb1 Kg7 39. b5 Rb6
40. Kf2 Kf6 41. Ke3 Ke5 42. g4 Kd5 43. Kd3 Rf6 44. b6 1-0

[Event "30th Andorra Open"]
[Site "Erts-La Massana AND"]
[Date "2012.07.28"]
[Round "8.2"]
[White "Hammer, J."]
[Black "Arizmendi Martinez, J."]
[Result "1/2-1/2"]
[WhiteElo "2638"]
[BlackElo "2559"]
[PlyCount "95"]
[EventDate "2012.07.21"]
[SourceDate "1999.07.01"]

1. d4 Nf6 2. c4 e6 3. Nc3 Bb4 4. e3 O-O 5. Bd3 d5 6. Nf3 b6 7. cxd5 exd5 8. O-O
c5 9. Ne5 Bb7 10. a3 Bxc3 11. bxc3 Nc6 12. Nxc6 Bxc6 13. a4 Qd7 14. Bb2 cxd4
15. cxd4 b5 16. Qc2 bxa4 17. Bf5 Qb7 18. Ba3 Rfe8 19. Rfb1 Bb5 20. Qxa4 a6 21.
Qa5 Qc6 22. Rb4 Rab8 23. Rc1 Bc4 24. Bd3 Rxb4 25. Qxb4 Rc8 26. h3 Qe6 27. Qb7
h6 28. Be7 Re8 29. Bxf6 Bxd3 30. Rc6 Qf5 31. Be5 Bc4 32. Rc7 Qe6 33. g4 h5 34.
Rc6 Qe7 35. Qxe7 Rxe7 36. gxh5 f6 37. Bf4 Ra7 38. h6 a5 39. hxg7 Kxg7 40. Bd6
a4 41. Ba3 Rb7 42. Bc5 Kg6 43. Kg2 Kf5 44. Rc8 Rg7+ 45. Kf3 Rh7 46. Kg2 Rg7+
47. Kf3 Rh7 48. Kg2 1/2-1/2

[Event "35th Barbera Open A"]
[Site "Barbera del Valles ESP"]
[Date "2012.07.08"]
[Round "5.2"]
[White "Peralta, Fe"]
[Black "Gonzalez Garcia, J2."]
[Result "1/2-1/2"]
[WhiteElo "2602"]
[BlackElo "2518"]
[PlyCount "107"]
[EventDate "2012.07.04"]
[SourceDate "1999.07.01"]

1. d4 Nf6 2. c4 e6 3. Nc3 Bb4 4. e3 O-O 5. Bd3 d5 6. Nf3 c5 7. O-O Nc6 8. a3
Ba5 9. h3 dxc4 10. Bxc4 h6 11. Qd3 cxd4 12. exd4 Bc7 13. Re1 b6 14. d5 exd5 15.
Nxd5 Nxd5 16. Qxd5 Bb7 17. Be3 Na5 18. Qxd8 Bxd8 19. Ba2 Bxf3 20. gxf3 Bf6 21.
Re2 Rac8 22. Rd1 Nc4 23. Rd7 Nxe3 24. fxe3 Rc1+ 25. Kg2 Ra1 26. Bd5 Rb1 27.
Rxa7 Rxb2 28. Rxb2 Bxb2 29. a4 Ba3 30. Rc7 g5 31. e4 Kg7 32. h4 Bb2 33. Kh3 Be5
34. Rb7 Bd4 35. h5 Kf6 36. Kg4 Ke5 37. Bxf7 Bf2 38. Rd7 Be3 39. Kg3 Bf4+ 40.
Kg2 Be3 41. Kg3 Bf4+ 42. Kg4 Be3 43. Bg6 Rf4+ 44. Kg3 Rh4 45. Rd5+ Ke6 46. Bf5+
Ke7 47. Kg2 Bf4 48. e5 Rh2+ 49. Kf1 Rd2 50. Rb5 Be3 51. a5 Rf2+ 52. Ke1 Rxf3
53. Bg4 Rf4 54. Be2 1/2-1/2

[Event "35th Barbera Open A"]
[Site "Barbera del Valles ESP"]
[Date "2012.07.16"]
[Round "9.4"]
[White "Peralta, Fe"]
[Black "Hernandez Carmenates, Hold"]
[Result "1/2-1/2"]
[WhiteElo "2602"]
[BlackElo "2569"]
[PlyCount "66"]
[EventDate "2012.07.04"]
[SourceDate "1999.07.01"]

1. d4 Nf6 2. c4 e6 3. Nc3 Bb4 4. e3 O-O 5. Bd3 c5 6. Nf3 d5 7. O-O Nc6 8. a3
Bxc3 9. bxc3 Qc7 10. cxd5 exd5 11. a4 Re8 12. Ba3 c4 13. Bc2 Bg4 14. Qe1 Bxf3
15. gxf3 Qd7 16. Kh1 Na5 17. Rg1 Nb3 18. Ra2 g6 19. Bb1 Qxa4 20. f4 Qd7 21. f5
Kh8 22. f3 gxf5 23. Rag2 Rg8 24. Rg5 Rxg5 25. Rxg5 Rg8 26. Bxf5 Qe8 27. Qh4
Qxe3 28. Rxg8+ Kxg8 29. Qxf6 Qxf3+ 30. Kg1 Qd1+ 31. Kg2 Qd2+ 32. Kg1 Qe1+ 33.
Kg2 Qd2+ 1/2-1/2

[Event "6th LCT GpA 2012"]
[Site "Leiden NED"]
[Date "2012.07.10"]
[Round "5.1"]
[White "Arun Prasad, S."]
[Black "Socko, B."]
[Result "0-1"]
[WhiteElo "2518"]
[BlackElo "2629"]
[PlyCount "76"]
[EventDate "2012.07.06"]
[SourceDate "1999.07.01"]

1. c4 Nf6 2. Nc3 e6 3. d4 Bb4 4. e3 O-O 5. Bd3 d5 6. Nf3 c5 7. O-O dxc4 8. Bxc4
Bd7 9. Qe2 Bc6 10. Rd1 Qe7 11. Ne5 Rd8 12. a3 Ba5 13. Ba2 Bc7 14. b4 cxb4 15.
axb4 Qxb4 16. Nxc6 bxc6 17. Bd2 Qd6 18. f4 Nbd7 19. Rdc1 Bb6 20. Na4 c5 21.
Nxb6 axb6 22. Bc3 Nd5 23. Bb2 cxd4 24. Bxd5 Qxd5 25. Bxd4 Rxa1 26. Rxa1 f6 27.
Rd1 Nc5 28. Rb1 e5 29. fxe5 fxe5 30. Bxc5 Qxc5 31. h3 e4 32. Rb3 h6 33. h4 Qc1+
34. Kh2 Rd1 35. Rb4 Rh1+ 36. Kg3 Qc7+ 37. Kf2 Qf7+ 38. Kg3 Qg6+ 0-1

[Event "8th RUS-CHN Summit Men Classical"]
[Site "St Petersburg RUS"]
[Date "2012.07.02"]
[Round "1"]
[White "Matlakov, M."]
[Black "Yu Yangyi"]
[Result "1-0"]
[WhiteElo "2668"]
[BlackElo "2656"]
[PlyCount "157"]
[EventDate "2012.07.02"]
[SourceDate "1999.07.01"]

1. d4 Nf6 2. c4 e6 3. Nc3 Bb4 4. e3 O-O 5. Bd3 c5 6. Nf3 b6 7. O-O Bb7 8. Na4
cxd4 9. a3 Be7 10. exd4 d6 11. Re1 Nbd7 12. b4 Re8 13. Nc3 Rc8 14. Bf4 a6 15.
h3 Bf8 16. Bh2 g6 17. Bf1 Nh5 18. g4 Nhf6 19. Rc1 h6 20. Qd3 Qc7 21. Nd2 Qd8
22. Bg2 Bxg2 23. Kxg2 Qc7 24. Qf3 Qd8 25. Bg3 Nh7 26. h4 Ndf6 27. Nce4 Nxe4 28.
Nxe4 d5 29. cxd5 Qxd5 30. Be5 Be7 31. Qf4 Rxc1 32. Qxc1 g5 33. hxg5 hxg5 34. f3
f6 35. Bg3 Nf8 36. Qc2 Kg7 37. Qc7 Ng6 38. Qxb6 Rc8 39. Nc5 Bxc5 40. bxc5 e5
41. Qa7+ Qf7 42. Qxa6 Re8 43. dxe5 fxe5 44. Qd3 Qb7 45. Re2 Qc6 46. Qc3 Kf6 47.
Rb2 Rc8 48. Qd3 Qxc5 49. Qf5+ Kg7 50. Qxg5 Rc7 51. a4 e4 52. Qxc5 exf3+ 53.
Kxf3 Rxc5 54. Ra2 Rc3+ 55. Kf2 Rc6 56. a5 Ra6 57. Kf3 Kf7 58. Bc7 Ne7 59. Bb6
Nd5 60. Rb2 Ke6 61. g5 Ra8 62. Kg4 Rc8 63. Re2+ Kf7 64. Rd2 Ke6 65. Bd4 Rc4 66.
a6 Ra4 67. a7 Ne7 68. Re2+ Kd7 69. Re4 Ra2 70. Bc5 Nd5 71. Kh5 Ra6 72. Bd4 Ne7
73. Re1 Nc6 74. Bc5 Nd8 75. Re7+ Kc6 76. g6 Kxc5 77. g7 Kd6 78. Re8 Ra5+ 79.
Kg6 1-0

[Event "40th Annual World Open"]
[Site "Philadelphia USA"]
[Date "2012.07.03"]
[Round "2"]
[White "Sokolov, Ivan"]
[Black "Lenderman, A."]
[Result "1-0"]
[WhiteElo "2676"]
[BlackElo "2613"]
[PlyCount "139"]
[EventDate "2012.07.03"]
[EventType "swiss"]
[SourceDate "1999.07.01"]

1. d4 Nf6 2. c4 e6 3. Nc3 Bb4 4. e3 b6 5. Nge2 c5 6. a3 Ba5 7. Bd2 O-O 8. Ng3
d5 9. cxd5 exd5 10. Be2 cxd4 11. exd4 Bxc3 12. Bxc3 Ba6 13. Bxa6 Nxa6 14. O-O
Qd7 15. Re1 Rfe8 16. Qd3 Nc7 17. Re5 Ng4 18. Rxe8+ Rxe8 19. a4 Nf6 20. f3 g6
21. Bd2 Ne6 22. Ne2 Kg7 23. b3 Ng8 24. Qb5 Nf6 25. Qxd7 Nxd7 26. Rc1 f6 27. Kf2
Kf7 28. Be3 Ndf8 29. Rc6 Ke7 30. b4 Kd7 31. b5 Rc8 32. Rxc8 Kxc8 33. Bh6 Kd7
34. g4 Ke8 35. Ke3 Kf7 36. Nc3 Nc7 37. Bf4 Nfe6 38. Bg3 Ke8 39. Na2 a5 40. Nc3
Kd7 41. h4 Ke7 42. Kd2 Kd7 43. Kd3 Ke7 44. Nd1 g5 45. Ke3 Kd7 46. Nc3 Ke7 47.
hxg5 fxg5 48. Be5 Kd7 49. Ne2 Ne8 50. f4 h6 51. f5 N6c7 52. Nc3 Ke7 53. Kd3 Kf7
54. Nd1 Kf8 55. Ne3 Kf7 56. f6 Ke6 57. Nf5 Na8 58. Ne7 Nxf6 59. Bxf6 Kxf6 60.
Nxd5+ Ke6 61. Ke4 Kd6 62. Ne3 Nc7 63. Nc4+ Ke6 64. Nxb6 Ne8 65. d5+ Kd6 66.
Nc4+ Kc5 67. Ke5 Kxc4 68. b6 Kc5 69. b7 Nf6 70. Kxf6 1-0

[Event "40th TCh-GRE 2012"]
[Site "Achaea GRE"]
[Date "2012.07.04"]
[Round "6.7"]
[White "Navara, D."]
[Black "Svetushkin, D."]
[Result "1-0"]
[WhiteElo "2706"]
[BlackElo "2597"]
[PlyCount "103"]
[EventDate "2012.06.30"]
[SourceDate "1999.07.01"]
[WhiteTeam "PG TRIANDRIAS"]
[BlackTeam "PEIRAIKOS PG"]

1. d4 Nf6 2. c4 e6 3. Nc3 Bb4 4. e3 O-O 5. Bd3 c5 6. Nf3 cxd4 7. exd4 d5 8. O-O
dxc4 9. Bxc4 b6 10. Bg5 Bb7 11. Qe2 Nbd7 12. Ne5 Bxc3 13. bxc3 Qc7 14. Nxd7
Qxd7 15. Bxf6 gxf6 16. Rad1 Kh8 17. d5 Rg8 18. Qf3 f5 19. g3 Qc7 20. Bb3 Rad8
21. Rd4 Qe5 22. Rfd1 Rd7 23. Qh5 Bxd5 24. Bxd5 exd5 25. c4 Rgd8 26. Rh4 Qg7 27.
Qxf5 Qg6 28. Qxg6 fxg6 29. Rhd4 Kg7 30. cxd5 Kf6 31. f4 Ke7 32. g4 Kd6 33. Rc4
Ke7 34. Re4+ Kd6 35. Kf2 Kc5 36. Ke3 Rxd5 37. Rxd5+ Rxd5 38. Re7 h5 39. g5 a5
40. Re6 Rd6 41. Rxd6 Kxd6 42. a4 h4 43. Ke4 Ke7 44. f5 gxf5+ 45. Kxf5 b5 46.
axb5 a4 47. b6 a3 48. b7 a2 49. b8=Q a1=Q 50. Qe5+ Qxe5+ 51. Kxe5 Kf7 52. Kf5
1-0

[Event "65th ch-RUS HL"]
[Site "Tyumen RUS"]
[Date "2012.06.27"]
[Round "11"]
[White "Khismatullin, D."]
[Black "Khairullin, I."]
[Result "0-1"]
[WhiteElo "2664"]
[BlackElo "2631"]
[PlyCount "78"]
[EventDate "2012.06.16"]
[SourceDate "1999.07.01"]

1. d4 Nf6 2. c4 e6 3. Nc3 Bb4 4. e3 O-O 5. Nge2 d5 6. a3 Be7 7. cxd5 exd5 8. h3
c6 9. g4 Ne8 10. Bg2 Nd6 11. O-O Na6 12. f3 f5 13. Nf4 Nc7 14. e4 g5 15. Nh5 f4
16. h4 Bd7 17. Re1 Be8 18. exd5 Bxh5 19. gxh5 cxd5 20. Bh3 Kh8 21. Qd3 gxh4 22.
b3 Bg5 23. Ra2 Bh6 24. Re5 Nf7 25. Rf5 Nd6 26. Re5 Nf7 27. Rf5 Nd6 28. Rxf8+
Qxf8 29. Rg2 Qf7 30. Nd1 Re8 31. Bd2 Ne6 32. Nf2 Ng5 33. Kh2 Re3 34. Bxe3 fxe3
35. Ng4 Qf4+ 36. Kh1 Nxh3 37. Qc2 Bf8 38. Ne5 Nf2+ 39. Kg1 h3 0-1

[Event "40th TCh-GRE 2012"]
[Site "Achaea GRE"]
[Date "2012.07.01"]
[Round "2.8"]
[White "Rapport, R."]
[Black "Hammer, J."]
[Result "1/2-1/2"]
[WhiteElo "2577"]
[BlackElo "2630"]
[PlyCount "62"]
[EventDate "2012.06.30"]
[SourceDate "1999.07.01"]
[WhiteTeam "PANIONIOS GSS"]
[BlackTeam "OP FLORINA"]

1. d4 Nf6 2. c4 e6 3. Nc3 Bb4 4. e3 O-O 5. Nge2 Re8 6. a3 Bf8 7. d5 d6 8. dxe6
fxe6 9. Ng3 d5 10. Be2 c6 11. O-O Nbd7 12. e4 Ne5 13. cxd5 exd5 14. exd5 Nxd5
15. Nxd5 Qxd5 16. Qxd5+ cxd5 17. Be3 Nc4 18. Bd4 Nd2 19. Rfe1 Nb3 20. Rad1 Nxd4
21. Rxd4 Re5 22. Rc1 Be6 23. Bf3 Re8 24. Nf1 b6 25. b4 g6 26. Rcd1 Rc8 27. Ne3
Rc3 28. R1d3 Rc1+ 29. Rd1 Rc3 30. R1d3 Rc1+ 31. Rd1 Rc3 1/2-1/2